Tuesday with morrie (Record no. 137511)

000 -LEADER
fixed length control field 00299nam a2200121Ia 4500
008 - FIXED-LENGTH DATA ELEMENTS--GENERAL INFORMATION
fixed length control field 220120s9999||||xx |||||||||||||| ||und||
082 ## - DEWEY DECIMAL CLASSIFICATION NUMBER
Classification number 823 ALB
100 ## - MAIN ENTRY--PERSONAL NAME
Personal name Albom, Mitch
9 (RLIN) 11963
245 #0 - TITLE STATEMENT
Title Tuesday with morrie
260 ## - PUBLICATION, DISTRIBUTION, ETC.
Place of publication, distribution, etc. Sphere
Name of publisher, distributor, etc. Mysore
Date of publication, distribution, etc. 2009
300 ## - PHYSICAL DESCRIPTION
Extent 247p.
Other physical details 30
650 ## - SUBJECT ADDED ENTRY--TOPICAL TERM
Topical term or geographic name entry element GENERAL BOOKS
Holdings
Withdrawn status Lost status Damaged status Not for loan Collection code Home library Current library Date acquired Total Checkouts Total Renewals Full call number Barcode Date last seen Date last checked out Price effective from Koha item type
        Humanity Science Central Library Central Library 01/20/2022 3 1 823 ALB GF1370 08/02/2023 07/17/2023 01/20/2022 Gift Books

Powered by Koha